• 首页
  • 本馆介绍
  • 公告通知
  • 最新文献
  • 馆藏检索
  • 电子资源
  • 读者导购
  • 参考咨询
  • 我的图书馆
  • 登录
  • 详细信息显示
  • 放入我的书架
  • 预约/预借图书
  • 作者相关作品
  • 分类相关作品
  • 丛书相关作品
  • 出版社相关作品

书目信息

  • 表格格式
  • 工作单格式
  • 卡片格式
题名:
机械基础教程
    
 
作者: 火恩铭 主编
分册:  
出版信息: 北京   中国纺织出版社  1992.06(2003.3重印)
页数: 611页
开本: 19cm
丛书名:
单 册:
中图分类: TH11-43
科图分类:
主题词: 机械学
电子资源:
ISBN: 7-5064-0684-5
000 00593nam0 2200205 450
001 0432420902
005 20240903154055.17
010    @a7-5064-0684-5@dCNY32.00
100    @a20040313d1992 km y0chiy0120 ea
101 0  @achi
102    @aCN@b110000
200 1  @a机械基础教程@Aji xie ji chu jiao cheng@f火恩铭主编@Fhuo en ming zhu bian
210    @a北京@c中国纺织出版社@d1992.06(2003.3重印)
215    @a611页@d19cm
300    @a中等纺织专业学校教材
606 0  @a机械学
690    @aTH11-43@v4
701  0 @a火恩铭@Ahuo en ming@4主编
801  0 @aCN@bPFT@c20040313
905    @aBZT@dTH11-43@e1@f8
    
    机械基础教程/火恩铭主编.-北京:中国纺织出版社,1992.06(2003.3重印)
    611页;19cm
    中等纺织专业学校教材
    
    ISBN 7-5064-0684-5:CNY32.00
    
●
相关链接 在五车中查询图书 在当当中查询图书 在豆瓣中查询图书


正题名:机械基础教程     索取号:TH11-43/1         预约/预借

序号 登录号 条形码 馆藏地/架位号 状态 备注
1 2001062252   2001062252   样本书库/样008架A面2层3列/ [索取号:TH11-43/1] 在馆    
2 359186   230076528   中心书库中库/ 中库030架A面1列6层43/ [索取号:TH11-43/1] 在馆    
3 359187   230076529   中心书库中库/ 中库030架A面1列6层42/ [索取号:TH11-43/1] 在馆    
4 359188   230076533   中心书库中库/ 中库030架A面1列6层41/ [索取号:TH11-43/1] 在馆    
5 359189   230076531   中心书库中库/ 中库030架A面1列6层47/ [索取号:TH11-43/1] 在馆    
6 359190   230076532   中心书库中库/ 中库030架A面1列6层46/ [索取号:TH11-43/1] 在馆    
7 359191   230076527   中心书库中库/ 中库030架A面1列6层45/ [索取号:TH11-43/1] 在馆    
8 359192   230076530   中心书库中库/ 中库030架A面1列6层44/ [索取号:TH11-43/1] 在馆    
山东省滨州职业学院图书馆 欢迎您!
大连网信软件有限公司© 版权所有